| 000 | 01173cam a2200277 a 4500 | ||
|---|---|---|---|
| 001 | 000014359 | ||
| 003 | OSt | ||
| 005 | 20200929163605.0 | ||
| 008 | 890714s1988 ck ab b f001 0 spa | ||
| 020 | _a9586430340 | ||
| 040 |
_aDO-SdBNP _bspa _cBNPHU |
||
| 082 |
_a320.9861 _bS232a |
||
| 100 | 1 |
_aSantander, Francisco de Paula, _d1792-1840. _918039 |
|
| 245 | 1 | 0 |
_aA los colombianos : _bproclamas y discursos, 1819-1840 / _ccompilación y notas, Luis Horacio López Domínguez. |
| 260 |
_aBogotá, (Colombia) : _bFundación para la Conmemoración del Bicentenario del Natalicio y el Sesquicentenario de la Muerte del General Francisco de Paula Santander, _c1988. |
||
| 300 |
_axl, 427, [8] p. : _bil., mapas ; _c25 cm. |
||
| 490 | 1 | _aBiblioteca de la Presidencia de la República | |
| 490 | 1 | _aDocumentos | |
| 500 | _aSubtítulo en la cubierta: Proclamas y discursos, 1812-1840. | ||
| 504 | _aIncluye referencias bibliográficas | ||
| 590 | _aInventariado, 2020 / DG | ||
| 651 | 4 |
_aColombia _xPolítica Y Gobierno _ySIGLO XIX _xFuentes _932423 |
|
| 700 | 1 |
_aLópez D., Luis Horacio _ecomp. _q(López Domínguez) _918043 |
|
| 910 | _aEn catalogaciòn | ||
| 942 |
_2ddc _cLF1 |
||
| 999 |
_c13951 _d13951 |
||